Čeští křesťanští sociálové: příspěvek k problematice programových a organizačních základů českého politického katolicismu v letech 1894 - 1938

Saved in:  
Bibliographic Details
Main Author: Marek, Pavel 1949- (Author)
Format: Print Book
Language:Czech
Subito Delivery Service: Order now.
Check availability: HBZ Gateway
Interlibrary Loan:Interlibrary Loan for the Fachinformationsdienste (Specialized Information Services in Germany)
Published: Olomouc Univ. Palackého 2011
In:Year: 2011
Edition:1. vyd.
Series/Journal:Ediční řada publikací Centra dějin křesťanské politiky 8
Monografie
Standardized Subjects / Keyword chains:B Bohemian countries / Christian socialism / History 1894-1938
B Bohemian countries / Political Catholicism / History 1894-1938
B Bohemian countries / Party (law) / History 1894-1938
B Bohemian countries / Politics / History 1894-1938
Online Access: Abstract
Table of Contents

MARC

LEADER 00000cam a22000002c 4500
001 1724205137
003 DE-627
005 20251226184928.0
007 tu
008 200710s2011 xx ||||| 00| ||cze c
020 |a 9788024429700  |9 978-80-244-2970-0 
035 |a (DE-627)1724205137 
035 |a (DE-599)BVBBV040273292 
035 |a (DE-604)BV040273292 
040 |a DE-627  |b ger  |c DE-627  |e rakwb 
041 |a cze 
082 0 |a 200.9  |q DE-604  |2 22/ger 
082 0 |a 909  |q DE-604  |2 22/ger 
084 |a 1  |2 ssgn 
100 1 |e VerfasserIn  |0 (DE-588)13288920X  |0 (DE-627)527892424  |0 (DE-576)299482952  |4 aut  |a Marek, Pavel  |d 1949- 
109 |a Marek, Pavel 1949- 
245 1 0 |a Čeští křesťanští sociálové  |b příspěvek k problematice programových a organizačních základů českého politického katolicismu v letech 1894 - 1938  |c Pavel Marek 
250 |a 1. vyd. 
264 1 |a Olomouc  |b Univ. Palackého  |c 2011 
300 |a 390 S.  |b Ill. 
336 |a Text  |b txt  |2 rdacontent 
337 |a ohne Hilfsmittel zu benutzen  |b n  |2 rdamedia 
338 |a Band  |b nc  |2 rdacarrier 
490 0 |a Ediční řada publikací Centra dějin křesťanské politiky  |v 8 
490 0 |a Monografie 
500 |a Zsfassung in engl. Sprache 
689 0 0 |d g  |0 (DE-588)4069573-6  |0 (DE-627)104470631  |0 (DE-576)209177136  |2 gnd  |a Böhmische Länder 
689 0 1 |d s  |0 (DE-588)4147939-7  |0 (DE-627)105572756  |0 (DE-576)209760737  |2 gnd  |a Christlicher Sozialismus 
689 0 2 |q z  |2 gnd  |a Geschichte 1894-1938 
689 0 |5 DE-101 
689 1 0 |d g  |0 (DE-588)4069573-6  |0 (DE-627)104470631  |0 (DE-576)209177136  |2 gnd  |a Böhmische Länder 
689 1 1 |d s  |0 (DE-588)4046574-3  |0 (DE-627)106197592  |0 (DE-576)209070110  |2 gnd  |a Politischer Katholizismus 
689 1 2 |q z  |2 gnd  |a Geschichte 1894-1938 
689 1 |5 DE-101 
689 2 0 |d g  |0 (DE-588)4069573-6  |0 (DE-627)104470631  |0 (DE-576)209177136  |2 gnd  |a Böhmische Länder 
689 2 1 |d s  |0 (DE-588)4044737-6  |0 (DE-627)106204432  |0 (DE-576)209062169  |2 gnd  |a Partei 
689 2 2 |q z  |2 gnd  |a Geschichte 1894-1938 
689 2 |5 DE-101 
689 3 0 |d g  |0 (DE-588)4069573-6  |0 (DE-627)104470631  |0 (DE-576)209177136  |2 gnd  |a Böhmische Länder 
689 3 1 |d s  |0 (DE-588)4046514-7  |0 (DE-627)104152206  |0 (DE-576)209069945  |2 gnd  |a Politik 
689 3 2 |q z  |2 gnd  |a Geschichte 1894-1938 
689 3 |5 DE-101 
856 4 2 |u http://bvbr.bib-bvb.de:8991/F?func=service&doc_library=BVB01&local_base=BVB01&doc_number=025128824&sequence=000003&line_number=0001&func_code=DB_RECORDS&service_type=MEDIA  |3 Inhaltsverzeichnis  |7 1 
856 4 2 |u http://bvbr.bib-bvb.de:8991/F?func=service&doc_library=BVB01&local_base=BVB01&doc_number=025128824&sequence=000004&line_number=0002&func_code=DB_RECORDS&service_type=MEDIA  |3 Abstract  |7 1 
935 |a mteo 
951 |a BO 
ELC |b 1 
LOK |0 000 xxxxxcx a22 zn 4500 
LOK |0 001 3722938538 
LOK |0 003 DE-627 
LOK |0 004 1724205137 
LOK |0 005 20200710090000 
LOK |0 008 200710||||||||||||||||ger||||||| 
LOK |0 035   |a (DE-Tue135)BVBBV040273292 
LOK |0 040   |a DE-Tue135  |c DE-627  |d DE-Tue135 
LOK |0 092   |o n 
LOK |0 852   |a DE-Tue135 
LOK |0 852 1  |9 00 
LOK |0 935   |a bsbo 
LOK |0 939   |a 10-07-20  |b l01 
ORI |a SA-MARC-ixtheoa001.raw 
REF |a Parteiengeschichte 
REL |a 1 
STA 0 0 |a Bohemian countries,Christian socialism,Party (law),Party,Political party,Political Catholicism,Catholicism,Politics,Politics,Politics and government,Politics, Practical,Politics in art 
STB 0 0 |a Catholicisme politique,Partie (droit),Parti politique,Politique,Politique,Pratiques politiques,Socialisme chrétien 
STC 0 0 |a Catolicismo político,Parte (derecho),Partido,Política,Política,Socialismo cristiano 
STD 0 0 |a Cattolicesimo politico,Parte (diritto),Partito politico,Politica,Politica,Socialismo cristiano 
STE 0 0 |a 政党,党派,政治,政治,泛政治天主教 
STF 0 0 |a 当事人,政黨,黨派,政治,政治,泛政治天主教 
STG 0 0 |a Catolicismo político,Parte (direito),Partido,Política,Política,Socialismo cristão 
STH 0 0 |a Партия,Политика (мотив),Политика,Политический католицизм,Христианский социализм 
STI 0 0 |a Πολιτική (μοτίβο),Πολιτική,Πολιτικό κόμμα,Πολιτικός Καθολικισμός,Χριστιανικός σοσιαλισμός 
SUB |a REL 
SYG 0 0 |a Böhmische Kronländer,Länder der Böhmischen Krone,Sudetenland,Böhmen,Mähren,Mährisch-Schlesien,Österreichisch-Schlesien,Tschechische Sozialistische Republik,Tschechei,Země koruny české , Böhmische Kronländer,Länder der Böhmischen Krone,Sudetenland,Böhmen,Mähren,Mährisch-Schlesien,Österreichisch-Schlesien,Tschechische Sozialistische Republik,Tschechei,Země koruny české , Böhmische Kronländer,Länder der Böhmischen Krone,Sudetenland,Böhmen,Mähren,Mährisch-Schlesien,Österreichisch-Schlesien,Tschechische Sozialistische Republik,Tschechei,Země koruny české , Politische Partei,Parteien , Böhmische Kronländer,Länder der Böhmischen Krone,Sudetenland,Böhmen,Mähren,Mährisch-Schlesien,Österreichisch-Schlesien,Tschechische Sozialistische Republik,Tschechei,Země koruny české , Staatspolitik,Politische Lage,Politische Entwicklung,Politics,Public policy,Staatspolitik,Politische Lage,Politische Entwicklung,Politische Situation 
TIM |a 100018940101_100019381231  |b Geschichte 1894-1938